Statistics for Persona 3 / 4 / 5 Dancing Character Quiz

Click here to take the quiz!

General Stats

  • This quiz has been taken 71 times
  • The average score is 28 of 38

Answer Stats

CharacterOrigin% Correct
Yu NarukamiBase Game
90%
Chie SatonakaBase Game
86%
Kanji TatsumiBase Game
86%
TeddieBase Game
86%
Yosuke HanamuraBase Game
86%
Naoto ShiroganeBase Game
84%
Yukiko AmagiBase Game
84%
MorganaBase Game
82%
AigisBase Game
80%
Junpei IoriBase Game
80%
Ken AmadaBase Game
80%
Makoto YukiBase Game
80%
Rise KujikawaBase Game
80%
Tohru AdachiDLC - "Fog" (ATLUS Konishi Remix)
80%
Yukari TakebaBase Game
80%
Akihiko SanadaBase Game
78%
MargaretBase Game
78%
Ann TakamakiBase Game
76%
ElizabethBase Game
76%
Goro AkechiDLC - "Will Power"
76%
Mitsuru KirijoBase Game
76%
Nanako DojimaBase Game
76%
Futaba SakuraBase Game
75%
Fuuka YamagishiBase Game
75%
Makoto NiijimaBase Game
75%
Ren AmamiyaBase Game
75%
Yusuke KitagawaBase Game
75%
Haru OkumuraBase Game
73%
Ryuji SakamotoBase Game
73%
MarieDLC - "Break Out Of..."
71%
LabrysDLC - "Today"
63%
Shinjiro AragakiDLC - "Battle Hymn of the Soul"
61%
Caroline and JustineBase Game
59%
LavenzaDLC - "Beneath the Mask"
59%
Kanami MashitaBase Game
51%
TheodoreDLC - "A Way of Life" (Deep inside my mind Remix)
51%
Hatsune MikuDLC - "Heaven" (ATOLS Remix)
47%
Sho MinazukiDLC - "Break Out Of..." (ATLUS Kitajoh Remix)
35%

Score Distribution

Percentile by Number Answered

Percent of People with Each Score

Your Score History

You have not taken this quiz